Statistics for Dubai City Trivia

Click here to take the quiz!

General Stats

  • This quiz has been taken 468 times
  • The average score is 12 of 20

Answer Stats

ClueAnswer% Correct
World's tallest buildingBurj {Khalifa}
97%
Main export good that helped Dubai rise to the global positionOil
92%
Gulf on which Dubai liesPersian Gulf
86%
Hotel with a helipad, that is designed to resemble the sail of a ship; It has been described
as the world's only seven star
Burj al {Arab}
84%
Largest airline in the Middle EastEmirates
81%
That building is named after the ruler of this emirate; who helped and financed itAbu Dhabi
77%
Three artificial archipelagos that look like a specific tree from space{Palm} Islands
72%
The Mall of the Emirates is famously one of the only places where you can do this indoorsSki
69%
Name one of the two cities whose airports are busier than that of Dubai'sAtlanta | Beijing
65%
Only city in the Middle East that is more expensive than DubaiDoha
62%
Artificial archipelago in between the above{World} Islands
61%
Title used by the ruler of Dubai (Hint: It's not Emir)Sheikh
55%
International event that was scheduled for 2020, but was postponed to 2021World's Fair
49%
Movie in which Van Diesel drives a Lykan HyperSport in high buildingsFast & Furious 7
45%
Hotel named after a fictional ancient Greek cityAtlantis
44%
Most populous city in the Dubai metropolitan area after Dubai itselfSharjah
42%
Mission Impossible movie where Tom Cruise climbs the above for realGhost {Protocol}
41%
Gevora is the name of the world's tallest ...Hotel
23%
The most famous artificial canal districtDubai {Marina}
21%
Broadcasting company that moved its headquarters from London to Dubai in 2002MBC
5%

Score Distribution

Percentile by Number Answered

Percent of People with Each Score

Your Score History

You have not taken this quiz